Normal view
MARC view
- الأداء الإداري -- العاملين
Entry Topical Term
001 - CONTROL NUMBER
- control field: 50630
003 - CONTROL NUMBER IDENTIFIER
- control field: JO-AjAnu
005 - DATE AND TIME OF LATEST TRANSACTION
- control field: 20230606082332.0
008 - FIXED-LENGTH DATA ELEMENTS
- fixed length control field: 230606|| aca||aabn | a|a d
040 ## - CATALOGING SOURCE
- Original cataloging agency: JO-AjAnu
- Transcribing agency: JO-AjAnu
150 ## - HEADING--TOPICAL TERM
- Topical term or geographic name entry element: الأداء الإداري -- العاملين
670 ## - SOURCE DATA FOUND
- Source citation: Work cat.: (JO-AjAnu)25882: إعداد طاهر محمود خلف الكلالده ؛ إشراف محمد حسن حافظ, author 50629, أثر مشاركة العاملين وإتخاذ القرارات والدافعية على الأداء الإداري : دراسة حالة أمانة عمان الكبرى